000 00311nam a22001217a 4500
008 190327b xxu||||| |||| 00| 0 eng d
041 _aeng
080 _a321
100 _a19
101 _aSHP
245 _aMenaxhimi dhe zgjidhja e konflikteve rajonale dhe ndërkombëtare
_cZejnullahi,V.H
942 _2udc
_cBK
999 _c54880
_d54880